书目信息 |
| 题名: |
电机与电力拖动
|
|
| 作者: | 赵影 主编 ;吴凤英 , 李季 , 李超 编著 | |
| 分册: | ||
| 出版信息: | 北京 国防工业出版社 2008.01 |
|
| 页数: | XIV, 324页 | |
| 开本: | 26cm | |
| 丛书名: | ||
| 单 册: | ||
| 中图分类: | TM3 | |
| 科图分类: | ||
| 主题词: | 电机--dian ji--高等学校--教材 , 电力传动--dian li chuan dong--高等学校--教材 | |
| 电子资源: | ||
| ISBN: | 978-7-118-05526-9 | |
| 000 | 01299nam0 2200325 450 | |
| 001 | 012008558194 | |
| 005 | 20080508075314.71 | |
| 010 | @a978-7-118-05526-9@dCNY30.00 | |
| 100 | @a20080310d2008 em y0chiy0120 ea | |
| 101 | 0 | @achi |
| 102 | @aCN@b110000 | |
| 105 | @aak a 000yy | |
| 106 | @ar | |
| 200 | 1 | @a电机与电力拖动@Adian ji yu dian li tuo dong@f赵影主编@Fzhao ying zhu bian@g吴凤英 ... [等] 编著@Gwu feng ying...[deng]bian zhu |
| 205 | @a第2版 | |
| 210 | @a北京@c国防工业出版社@d2008.01 | |
| 215 | @aXIV, 324页@c图@d26cm | |
| 300 | @a普通高等院校“十一五”规划教材 | |
| 304 | @a题名页题: 吴凤英, 李季, 李超, 信建国, 郭长勇编著 | |
| 320 | @a有书目 (第323页) | |
| 330 | @a本书对直流电机、变压器、异步电机、同步电机和其他特殊电机侧重于从应用的角度讲述了其基本工作原理、基本结构、数学模型(基本方程式、等值电路)、运行分析及各种工作特性。对交流电机的磁势考虑其重要性做了一些详细的介绍,对同步电机侧重于功角特性、启动和激磁调节的讲述。 | |
| 606 | 0 | @a电机@Adian ji@x高等学校@j教材 |
| 606 | 0 | @a电力传动@Adian li chuan dong@x高等学校@j教材 |
| 690 | @aTM3@v4 | |
| 701 | 0 | @a赵影@Azhao ying@4主编 |
| 702 | 0 | @a吴凤英@Awu feng ying@4编著 |
| 702 | 0 | @a李季@Ali ji@4编著 |
| 702 | 0 | @a李超@Ali chao@4编著 |
| 801 | 0 | @aCN@bQSSK@c20080508 |
| 905 | @b705394-95@dTM3@eZ342@f2 | |
| 电机与电力拖动/赵影主编/吴凤英 ... [等] 编著.-第2版.-北京:国防工业出版社,2008.01 |
| XIV, 324页:图;26cm |
| 普通高等院校“十一五”规划教材 |
| ISBN 978-7-118-05526-9:CNY30.00 |
| 本书对直流电机、变压器、异步电机、同步电机和其他特殊电机侧重于从应用的角度讲述了其基本工作原理、基本结构、数学模型(基本方程式、等值电路)、运行分析及各种工作特性。对交流电机的磁势考虑其重要性做了一些详细的介绍,对同步电机侧重于功角特性、启动和激磁调节的讲述。 |
| ● |
| 相关链接 |
|
|
|
正题名:电机与电力拖动
索取号:TM3/Z342
 
预约/预借
| 序号 | 登录号 | 条形码 | 馆藏地/架位号 | 状态 | 备注 |
| 1 | 705394 | 207053944 | 自科库301/301自科库 10排4列4层/ [索取号:TM3/Z342] | 在馆 | |
| 2 | 705395 | 207053953 | 自科库301/301自科库 12排1列2层/ [索取号:TM3/Z342] | 在馆 |